| 000 | 00515cam a2200205ua 4500 | ||
|---|---|---|---|
| 020 | _c$8.50 | ||
| 041 |
_aeng _h |
||
| 082 |
_a004 _bHAM/CO |
||
| 100 | _aHamacher, Carl V . | ||
| 245 |
_aComputer organization / _cCarl V Hamacher. _hTextual Documents |
||
| 250 |
_a4 / _b. |
||
| 260 |
_aNew York : _bMcGraw Hill Book Company , _c1996. |
||
| 300 | _a555 ; . | ||
| 365 | _a$8.50 | ||
| 504 | _a | ||
| 700 | 1 | _aVranesic, Zvonko G . | |
| 700 | 1 | _aZaky, Safwat G . | |
| 942 | _cBK | ||
| 999 |
_c9752 _d9752 |
||